00889nam a22001817a 4500008004100000020001800041050001800059100004400077245015300121250001100274260003500285300004500320505021500365650002200580650001500602700004700617700004300664140815s2011 mx ||||| |||| 00| 0 s d a9786070109591 aH85bF73 2011 aFragoso Lugo, Perla Orquídead, autor10aIntroducción a las ciencias sociales y económicasc/ Perla Orquídea Fragoso ; Alejandrina Fernández Águila ; José Manuel Flores López a2a ed. aMéxicob: Santillanac, 2011 a270 páginasb: ilustracionesc; 26 cm. 6Generación del conocimiento en las ciencias sociales. Formas socioeconómicas de producción en su contexto histórico. La economía. Sociología, derecho, historia y antropología. Ciencia política.  0aCiencias Sociales 0aEconomía aFernández Águila, Alejandrinae, autor aFlores López, José Manuele, autor